Solidification and stabilization of wastewater sludge from selected manufacturing plants /
Saved in:
| 主要作者: | |
|---|---|
| 格式: | Thesis 图书 |
| 语言: | English |
| 出版: |
2006.
|
| 主题: | |
| 标签: |
添加标签
没有标签, 成为第一个标记此记录!
|
| LEADER | 00982cam a2200265 a 4500 | ||
|---|---|---|---|
| 001 | u736904 | ||
| 003 | SIRSI | ||
| 005 | 200704171527 | ||
| 008 | 070417s2006 my a t 000 0 eng m | ||
| 040 | |a UMM | ||
| 043 | |a a-my--- | ||
| 090 | |a QH302 |b UMP 2006 Tas | ||
| 100 | 1 | |a Taslapratama, Irwan. | |
| 245 | 1 | 0 | |a Solidification and stabilization of wastewater sludge from selected manufacturing plants / |c Irwan Taslapratama. |
| 260 | |c 2006. | ||
| 300 | |a xxv, 453 leaves : |b ill. ; |c 30 cm. | ||
| 502 | |a Thesis (Ph.D.) -- Institut Pengajian Siswazah, Universiti Malaya, 2007. | ||
| 504 | |a Bibliography: leaves 428-442. | ||
| 650 | 0 | |a Sewage sludge digestion. | |
| 650 | 0 | |a Hazardous wastes |x Solidification. | |
| 650 | 0 | |a Manufacturing industries |z Malaysia |x Waste disposals. | |
| 710 | 2 | |a Universiti Malaya. |b Institut Pengajian Siswazah. | |
| 596 | |a 1 | ||
| 900 | |a SJMK | ||
| 999 | |a QH302 UMP 2006 TAS |w LC |c 1 |i A512775894 |d 13/9/2007 |f 13/9/2007 |g 2 |l STACKS |m P01UTAMA |r Y |s Y |t TESIS |u 13/9/2007 | ||
